Statistics for Tintin Book Trivia - King Ottokar’s Sceptre

Click here to take the quiz!

General Stats

  • This quiz has been taken 11 times
  • The average score is 4 of 16

Answer Stats

QuestionAnswer% Correct
Singer of the Jewel SongBianca Castafiore
78%
Country bordering SyldaviaBorduria
67%
If the sceptre is stolen, the king....Abdicates
44%
Name of Restaurant on 36 Nightingale RoadKlow
44%
Collected by the Professor (sigilography)Seals
44%
Professeor kidnapped and replaced by his twinHector Alembick
22%
First Stop to Syldavia from BrusselsFrankfurt, Germany
11%
Name of CastleKropow Castle
11%
King of SyldaviaMuskar XII
11%
Second Stop to Syldavia from BrusselsPrague, Czech Republic
11%
Kingdom SymbolThe Black Pelican
11%
Dinosaur seen in the bookDiplodocus
0%
Meaning of CapitalFreetown
0%
Cover name of the Zyldav Zentral Revolutzionär KomitzätIron Guard
0%
King ascended in 1370King Ottokar IV
0%
Main Antagonist of King Ottokar’s SceptreMüsstler
0%

Score Distribution

Percentile by Number Answered

Percent of People with Each Score

Your Score History

You have not taken this quiz